[Event "20. Activity-Cup"]
[Site "Haus des Schachsports, 1020 Wi"]
[Date "2018.03.27"]
[Round "4.5"]
[White "Gerhold, Paul"]
[Black "Peraus, Tizian"]
[Result "0-1"]
[WhiteElo "815"]
[BlackElo "1240"]
[Annotator "Doppelangriff"]
[PlyCount "62"]
[EventDate "2018.03.26"]

1. e4 e6 2. d4 d5 3. exd5 exd5 4. Nf3 Nf6 5. Bd3 Bg4 6. Bg5 Be7 7. Qe2 O-O 8.
Nbd2 Nc6 9. O-O-O Nxd4 10. Qe3 Ne6 11. Bxf6 Bxf6 12. h3 d4 $2 13. Qe4 $1 g6 14.
hxg4 b6 15. Kb1 Re8 16. Qc6 Nc5 17. Nb3 Re6 18. Qb5 Nxd3 19. Qxd3 c5 20. c3
dxc3 21. Qxd8+ Rxd8 22. Rxd8+ Bxd8 23. bxc3 Bf6 24. c4 Re2 25. g5 Bc3 26. Rf1
Rb2+ 27. Kc1 Rxa2 28. Rd1 Rxf2 29. Rd8+ Kg7 30. Ra8 Ra2 31. Kb1 Rb2+ {Weiß
gibt auf} 0-1

[Event "20. Activity-Cup"]
[Site "Haus des Schachsports, 1020 Wi"]
[Date "2018.03.27"]
[Round "4.6"]
[White "Kober, Stefan"]
[Black "Sölkner, Julian"]
[Result "0-1"]
[WhiteElo "1087"]
[BlackElo "1177"]
[PlyCount "136"]
[EventDate "2018.03.26"]

1. e4 e5 2. Nf3 Nc6 3. Bc4 Bc5 4. O-O d6 5. h3 Nf6 6. Nc3 Be6 7. Bb3 Bxb3 8.
axb3 O-O 9. d3 h6 10. Be3 Bb6 11. Bxb6 axb6 12. Rxa8 Qxa8 13. Qa1 Qxa1 14. Rxa1
Nh5 15. Nd5 Rc8 16. Ne3 Nf4 17. Kh2 f6 18. g3 Ne6 19. Nf5 Kh7 20. N3h4 Ncd4 21.
Rc1 c6 22. Nxd4 Nxd4 23. Kg2 d5 24. exd5 cxd5 25. Nf3 Nxb3 26. Re1 Rxc2 27. h4
Rxb2 28. Kh3 h5 29. g4 hxg4+ 30. Kxg4 Rxf2 31. Rd1 Nd4 32. Nxd4 exd4 33. Rb1
Rd2 34. Rxb6 Rxd3 35. Rxb7 Re3 36. Rd7 Re5 37. Rc7 Kh6 38. Rc1 Re4+ 39. Kf5
Rxh4 40. Rd1 Rh5+ 41. Ke6 Kg6 42. Rxd4 Re5+ 43. Kd6 Kf5 44. Rd1 g5 45. Rf1+ Kg6
46. Kc5 Kf7 47. Kd4 Ke6 48. Ra1 Re4+ 49. Kd3 Ke5 50. Ra8 Kf4 51. Rf8 f5 52. Rh8
g4 53. Rh1 d4 54. Rf1+ Ke5 55. Rg1 Re3+ 56. Kd2 Ke4 57. Rg2 g3 58. Rg1 f4 59.
Rg2 d3 60. Rg1 Re2+ 61. Kd1 Ke3 62. Rh1 g2 63. Rg1 f3 64. Kc1 Kf2 65. Rd1 g1=Q
66. Rxg1 Kxg1 67. Kd1 f2 68. Kc1 f1=Q# 0-1

[Event "20. Activity-Cup"]
[Site "Haus des Schachsports, 1020 Wi"]
[Date "2018.03.27"]
[Round "4.9"]
[White "Rigo, Lukas"]
[Black "Florea, Vlad"]
[Result "1-0"]
[WhiteElo "925"]
[BlackElo "800"]
[PlyCount "65"]
[EventDate "2018.03.26"]

1. e4 e5 2. Nf3 Nc6 3. Bc4 Nf6 4. Ng5 Qe7 5. Bxf7+ Kd8 6. Bc4 h6 7. Nf7+ Ke8 8.
Nxh8 d5 9. exd5 Nd4 10. Ng6 Qf7 11. Nxe5 Qe7 12. f4 h5 13. d3 Qb4+ 14. c3 Qc5
15. cxd4 Qxd4 16. Nc3 Ng4 17. Nxg4 Bxg4 18. Qa4+ Bd7 19. Bb5 Qxa4 20. Bxa4 c6
21. dxc6 Bxc6 22. Bxc6+ bxc6 23. Bd2 Rb8 24. O-O-O Rb4 25. Rde1+ Be7 26. Re4
Rb7 27. Rhe1 Kf8 28. f5 Bh4 29. Rxh4 Rd7 30. d4 c5 31. d5 Rf7 32. d6 Rxf5 33.
d7 {Schwarz gibt auf} 1-0

[Event "20. Activity-Cup"]
[Site "Haus des Schachsports, 1020 Wi"]
[Date "2018.03.27"]
[Round "4.11"]
[White "Rigo, Clemens"]
[Black "Schirmbeck, Klara"]
[Result "1-0"]
[WhiteElo "800"]
[BlackElo "834"]
[Annotator "Doppelangriff"]
[PlyCount "141"]
[EventDate "2018.03.26"]

1. e4 c5 2. Nf3 d6 3. Bb5+ Bd7 4. Bc4 Nf6 5. Ng5 e6 6. O-O g6 7. Qe1 Nc6 8. Nc3
Bg7 9. d3 O-O 10. Bf4 Be8 11. Bxe6 h6 12. e5 dxe5 13. Bxe5 fxe6 14. Nxe6 Qe7
15. Nxf8 Bxf8 16. Bxf6 Qxf6 17. Ne4 Qxb2 18. Nc3 c4 19. dxc4 Bb4 20. Rb1 Qxc3
21. Qe3 Qxe3 22. fxe3 b6 23. e4 Bc5+ 24. Kh1 Ne5 25. Rbd1 Nxc4 26. Rde1 Ne3 27.
Rf2 Nd5 28. Rf3 Nc7 29. Rh3 h5 30. e5 Bd7 31. Rg3 Bf2 32. Rxg6+ Kh7 33. Rd6 Ba4
34. Rf1 Bc5 35. Rdf6 Ne8 36. Rf7+ Kg6 37. R7f4 Bxc2 38. R1f3 Bd1 39. Rg3+ Bg4
40. h3 Kg5 41. Rf7 Bd4 42. hxg4 hxg4 43. Rd3 Bxe5 44. g3 Nf6 45. Re3 Bd4 46.
Re2 a5 47. Rg7+ Kh6 48. Ree7 Nd5 49. Rh7+ Kg6 50. Rb7 b5 51. Rh4 b4 $2 52.
Rxg4+ Kf5 53. Rxd4 Nf6 54. Rf4+ Kg6 55. Rb6 Rf8 56. g4 Rf7 57. Kg2 Kg7 58. Kh3
Nd5 59. Rxf7+ Kxf7 60. Rb5 Ke6 61. Rxa5 Ke5 62. g5 Kf5 63. Rxd5+ Kg6 64. Kh4 b3
65. axb3 Kf7 66. Rd6 Kg8 67. Rd7 Kh8 68. Kh5 Kg8 69. Kg6 Kh8 70. b4 Kg8 71.
Rd8# 1-0

[Event "20. Activity-Cup"]
[Site "?"]
[Date "2018.03.28"]
[Round "5.1"]
[White "Wickramasinghe, Nathaniel"]
[Black "Peraus, Leonie"]
[Result "1-0"]
[WhiteElo "1335"]
[BlackElo "1195"]
[PlyCount "105"]
[EventDate "2018.03.26"]

1. e4 e5 2. Nf3 Nf6 3. Nxe5 Qe7 4. Nf3 Nxe4 5. Qe2 d5 6. d3 Nf6 7. Bg5 Qxe2+ 8.
Bxe2 Be7 9. O-O O-O 10. d4 Bg4 11. h3 Bh5 12. Nc3 c6 13. Rfe1 Nbd7 14. Ne5 Nxe5
15. dxe5 Bxe2 16. Rxe2 h6 17. exf6 Bxf6 18. Bxf6 gxf6 19. Re7 b6 20. Rae1 Rad8
21. Ne2 Rfe8 22. Ng3 Rxe7 23. Rxe7 Kf8 24. Nf5 h5 25. Kh2 c5 26. c3 a5 27. Rb7
Re8 28. Rxb6 Re2 29. Rd6 d4 30. cxd4 cxd4 31. Rxd4 Ke8 32. Re4+ Rxe4 33. Nd6+
Ke7 34. Nxe4 Ke6 35. Nc3 Ke5 36. a3 Kd4 37. b4 axb4 38. axb4 Kc4 39. b5 h4 40.
b6 Kxc3 41. b7 f5 42. b8=Q f4 43. Qxf4 f5 44. Qd6 Kc4 45. f4 Kb5 46. Qc7 Kb4
47. Kg1 Kb5 48. Kf2 Ka6 49. Qb8 Ka5 50. Ke3 Ka4 51. Kd4 Ka3 52. Kc3 Ka2 53.
Qb2# 1-0

[Event "20. Activity-Cup"]
[Site "?"]
[Date "2018.03.28"]
[Round "5.2"]
[White "Kaspar, Sebastian"]
[Black "Englisch, Tobias"]
[Result "1-0"]
[WhiteElo "1387"]
[BlackElo "1454"]
[Annotator "Löwenfisch-Falle"]
[PlyCount "25"]
[EventDate "2018.03.26"]

1. e4 c5 2. Nf3 d6 3. d4 cxd4 4. Nxd4 Nf6 5. Nc3 g6 6. f4 Bg7 7. e5 dxe5 8.
fxe5 Ng4 9. Bb5+ Kf8 $4 10. Ne6+ fxe6 11. Qxd8+ Kf7 12. O-O+ Nf6 13. Qd4 {
Schwarz gibt auf} 1-0

[Event "20. Activity-Cup"]
[Site "?"]
[Date "2018.03.28"]
[Round "5.3"]
[White "Sölkner, Julian"]
[Black "Radnaev, Nomin"]
[Result "0-1"]
[WhiteElo "1177"]
[BlackElo "1391"]
[PlyCount "69"]
[EventDate "2018.03.26"]

1. e4 d5 2. e5 c5 3. c3 Bf5 4. d4 e6 5. Nf3 Nc6 6. Bd3 Bxd3 7. Qxd3 Nge7 8. Bg5
h6 9. Bxe7 Bxe7 10. Nbd2 Qb6 11. Rb1 cxd4 12. cxd4 Qb4 13. Qb3 Bd8 14. O-O O-O
15. a3 Qb6 16. Qd3 Rc8 17. Nb3 Be7 18. Rfc1 Na5 19. Nxa5 Qxa5 20. Qb3 b5 21. h3
Rc4 22. Rxc4 dxc4 23. Qc3 Qxc3 24. bxc3 Rb8 25. Nd2 Rb6 26. Ra1 Ra6 27. f4 Rxa3
28. Rxa3 Bxa3 29. Ne4 b4 30. Kf1 b3 31. Ke2 Kf8 32. Kd1 a5 33. Nd2 Bb2 34. Nxc4
Bxc3 35. Nxa5 {und Weiß gibt wegen Lxa5 auf.} 0-1

[Event "20. Activity-Cup"]
[Site "?"]
[Date "2018.03.28"]
[Round "5.6"]
[White "Ernst, Robert"]
[Black "Rigo, Lukas"]
[Result "1-0"]
[WhiteElo "1201"]
[BlackElo "925"]
[PlyCount "117"]
[EventDate "2018.03.26"]

1. e4 e5 2. Nf3 Nc6 3. Bc4 Nf6 4. d3 Bc5 5. O-O O-O 6. h3 h6 7. c3 d6 8. Be3
Bxe3 9. fxe3 Na5 10. Bb5 c5 11. Nbd2 Bd7 12. Bxd7 Qxd7 13. Re1 Rac8 14. d4 Rcd8
15. Qc2 exd4 16. exd4 cxd4 17. Nxd4 Rfe8 18. Rad1 d5 19. exd5 Qxd5 20. N2f3
Rxe1+ 21. Rxe1 Qxa2 22. Qf5 Qxb2 23. Qxa5 Ne4 24. Qxd8+ Kh7 25. Rxe4 Qb1+ 26.
Re1 Qd3 27. Qc7 Qa6 28. Qxf7 Qb6 29. Re7 Qb1+ 30. Kh2 Qg6 31. Rxb7 Qd6+ {
Hier folgte der Unerlaubte Zug Dxg7, und wegen der Berührt-Geführt-Regel
muss Weiß nun mit er Dame ziehen.} 32. Qf4 Qxf4+ 33. g3 Qe4 34. Rxa7 Qd3 35.
Rc7 Qf1 36. Nh4 Qf2+ 37. Ng2 Qd2 38. Nf5 Qc2 39. Nfe3 Qe4 40. c4 Qe5 41. Rd7
Qe6 42. Rd5 Qc6 43. Rd2 Qb6 44. Rc2 Qg6 45. c5 Qc6 46. Nf5 Qa4 47. Nfe3 Qc6 48.
Nf4 Kg8 49. Nfd5 Kf7 50. Nb4 Qa4 51. Ned5 Ke8 52. c6 Kd8 53. c7+ Kc8 54. Nb6+
Kb7 55. Nxa4 Kc8 56. Nb6+ Kb7 57. c8=Q+ Ka7 58. N4d5 g5 59. Ra2# 1-0

[Event "20. Activity-Cup"]
[Site "?"]
[Date "2018.03.28"]
[Round "5.7"]
[White "Pavlov, Alexander"]
[Black "Gerhold, Paul"]
[Result "1-0"]
[WhiteElo "1152"]
[BlackElo "815"]
[Annotator "Abtauschkombinationen, Königsangriff"]
[PlyCount "39"]
[EventDate "2018.03.26"]

1. e4 e6 2. Nf3 d5 3. exd5 exd5 4. d4 Nf6 5. Bg5 Be7 6. Bd3 O-O 7. O-O Bg4 8.
h3 Bh5 9. Re1 Re8 10. Qe2 Nc6 11. c3 Bd6 12. Bxf6 Qxf6 13. Qc2 (13. Qxe8+ Rxe8
14. Rxe8+ Bf8 15. Nbd2) 13... Rxe1+ (13... Bxf3 14. Rxe8+ Rxe8 $19) 14. Nxe1
Kh8 15. Nd2 Re8 16. Qb3 Bh2+ 17. Kh1 b6 18. Qxd5 Qxf2 19. Nef3 Ne7 20. Qxh5 {
Schwarz gibt auf} 1-0

[Event "20. Activity-Cup"]
[Site "?"]
[Date "2018.03.28"]
[Round "5.8"]
[White "Schwab, Harald"]
[Black "Schirmbeck, David"]
[Result "1-0"]
[WhiteElo "1036"]
[BlackElo "859"]
[PlyCount "47"]
[EventDate "2018.03.26"]

1. e4 e5 2. Nf3 Nc6 3. Bc4 Bc5 4. Nxe5 Nxe5 5. d4 Nxc4 6. dxc5 Nf6 7. Nc3 O-O
8. Bg5 Re8 9. b3 Ne5 10. Nd5 Re6 11. Nxf6+ gxf6 12. Be3 Ng4 13. Qxg4+ Kf8 14.
Bh6+ Ke8 15. Qg8+ Ke7 16. Qg4 b6 17. cxb6 axb6 18. O-O Bb7 19. Rfe1 Qg8 20. Qf4
d5 21. Qxc7+ Ke8 22. Qxb7 Rd8 23. exd5 Rxe1+ 24. Rxe1# 1-0

[Event "20. Activity-Cup"]
[Site "?"]
[Date "2018.03.28"]
[Round "5.9"]
[White "Schirmbeck, Klara"]
[Black "Kober, Stefan"]
[Result "0-1"]
[WhiteElo "834"]
[BlackElo "1087"]
[Annotator "Röntgenangriff"]
[PlyCount "148"]
[EventDate "2018.03.26"]

1. e4 e5 2. Nf3 Nc6 3. Nc3 Nf6 4. d4 d6 5. dxe5 dxe5 6. Qxd8+ Nxd8 7. Nxe5 Bb4
8. Bd3 Bxc3+ 9. bxc3 Ne6 10. O-O O-O 11. Re1 b6 12. Bg5 Nd7 13. Nxd7 Bxd7 14.
h3 Nxg5 15. Rab1 Ne6 16. c4 Rfe8 17. Re2 Bc6 18. Rbe1 Nc5 19. a3 Re6 20. e5
Rae8 21. f4 Nd7 22. Bf5 R6e7 23. c3 g6 24. Bg4 h5 25. Bxd7 Bxd7 26. Kf1 c5 27.
Kf2 Bf5 28. Re3 Rd8 29. Ke2 Kg7 30. h4 Bg4+ 31. Kf2 Rd2+ 32. Kg1 Ra2 33. Kf1
Rxa3 34. g3 Be6 35. Rc1 Bxc4+ 36. Ke1 f6 37. Kf2 Ra2+ 38. Kg1 Re2 39. Rxe2 Bxe2
40. exf6+ Kxf6 41. Kh2 Bf3 42. Kg1 Re2 43. Ra1 Rg2+ 44. Kf1 Rxg3 45. Rxa7 Rg4
46. Kf2 Rxf4 47. Kg3 Kf5 $4 48. Ra6 Be2 49. Rxb6 Rf3+ 50. Kg2 Rxc3 51. Kf2 Bc4
52. Rc6 Bd5 53. Rc7 Kg4 54. Kg1 Kxh4 55. Rg7 g5 56. Kf2 Rf3+ 57. Ke2 g4 58. Rg6
Kg3 59. Rg5 Be4 60. Kd2 h4 61. Rxc5 h3 62. Rc4 h2 63. Rc1 Kg2 64. Re1 Rf2+ 65.
Ke3 Rf3+ 66. Ke2 g3 67. Rd1 Rf2+ 68. Ke3 h1=Q 69. Rxh1 Kxh1 70. Kxe4 g2 71. Kd4
g1=Q 72. Kd5 Qg6 73. Ke5 Rf5+ 74. Ke4 Qg4+ {Weiß gibt auf} 0-1

[Event "20. Activity-Cup"]
[Site "?"]
[Date "2018.03.28"]
[Round "6.1"]
[White "Radnaev, Nomin"]
[Black "Wickramasinghe, Nathaniel"]
[Result "0-1"]
[WhiteElo "1391"]
[BlackElo "1335"]
[Annotator "Fesselung, Gegenangriff, Damenopfer"]
[PlyCount "140"]
[EventDate "2018.03.26"]

1. e4 c5 2. Nf3 d6 3. d4 cxd4 4. Nxd4 Nf6 5. Nc3 Nc6 6. Be2 e6 7. Be3 Be7 8. f3
O-O 9. Qd2 Nxd4 10. Qxd4 e5 11. Qd2 Be6 12. O-O Nh5 13. Rad1 Nf4 14. Bxf4 exf4
15. Qxf4 a6 16. e5 d5 17. Kh1 f6 18. Rd3 Rc8 19. Rfd1 Rc4 20. Qg3 f5 21. Qf2
Bc5 22. Qe1 d4 23. b3 $3 Rxc3 24. Qxc3 $3 (24. Rxc3 $2 Bb4 $1 $11) 24... Qb6
25. Qd2 f4 26. Rxd4 Bxd4 27. Qxd4 Qxd4 28. Rxd4 Rc8 29. Bd3 g5 30. c4 b5 31. h3
h5 32. cxb5 axb5 33. Bxb5 Rc1+ 34. Kh2 Rc2 35. Bc4 Bxc4 36. Rxc4 Rxa2 37. b4
Kf7 38. b5 Rb2 39. Rc5 Ke6 40. h4 g4 41. Kg1 g3 42. Kf1 Rb1+ 43. Ke2 Rb2+ 44.
Kf1 Rf2+ 45. Kg1 Rb2 46. Rc6+ Kxe5 47. Rc5+ Kd6 48. Rc1 Rxb5 49. Kf1 Kd5 50.
Rd1+ Kc4 51. Rd6 Rb1+ 52. Ke2 Rg1 53. Rd1 Rxg2+ 54. Kf1 Rh2 55. Rc1+ Kd3 56.
Rd1+ Ke3 57. Re1+ Kxf3 58. Kg1 Rxh4 59. Rf1+ Ke2 60. Kg2 Rh2+ 61. Kg1 f3 62.
Re1+ Kd2 63. Rf1 f2+ 64. Rxf2+ gxf2+ 65. Kf1 Rg2 66. Kxg2 Ke2 67. Kg3 f1=Q 68.
Kh2 Qf2+ 69. Kh3 Qg1 70. Kh4 Qg4# 0-1

[Event "20. Activity-Cup"]
[Site "?"]
[Date "2018.03.28"]
[Round "6.4"]
[White "Pavlov, Alexander"]
[Black "Ernst, Robert"]
[Result "0-1"]
[WhiteElo "1152"]
[BlackElo "1201"]
[Annotator "Bauerndurchbruch Endspiel"]
[PlyCount "150"]
[EventDate "2018.03.26"]

1. e4 e5 2. Nf3 Nc6 3. Bc4 Bc5 4. O-O d6 5. h3 Nf6 6. Nc3 O-O 7. d3 h6 8. Be3
Bxe3 9. fxe3 Re8 10. Re1 Be6 11. Bxe6 Rxe6 12. d4 Re8 13. Qd2 Qd7 14. a3 Rad8
15. Rad1 a6 16. Qd3 Qe7 17. Nd5 Nxd5 18. exd5 Nb8 19. dxe5 dxe5 20. e4 Qc5+ 21.
Kh1 Nd7 22. Qb3 Nb6 23. Rd3 Qd6 24. Rc3 Rb8 25. Nd2 Qe7 26. Nc4 Nxc4 27. Qxc4
Rec8 28. Qc5 Qd6 29. Qxd6 cxd6 30. Rxc8+ Rxc8 31. c3 Kf8 32. Kg1 Ke7 33. Kf2
Rc5 34. Re3 f5 35. Kf3 Kf6 36. b4 Rc4 37. exf5 Kxf5 38. g4+ Kg5 39. Kg3 b5 40.
h4+ Kf6 41. Rf3+ Ke7 42. g5 hxg5 43. hxg5 Rc8 44. g6 Rf8 45. Rxf8 Kxf8 46. Kg4
Ke8 47. Kf5 Ke7 48. Kg5 e4 49. Kf4 e3 50. Kxe3 Kf6 51. Kf3 $4 (51. c4 Kxg6 (
51... bxc4 52. Kd4 Kxg6 (52... c3 53. Kxc3 Ke5 54. Kc4) 53. a4 Kf6 54. b5 axb5
55. a5 $1) 52. c5 Kf7 (52... dxc5 53. bxc5 Kf6 54. Kd4 g5 55. c6 Ke7 56. Kc5 g4
57. c7 Kd7 58. Kb6 g3 59. Kb7) 53. Ke4 Ke7 54. c6) 51... Kxg6 52. Kg4 $2 Kf6
53. Kf4 g5+ 54. Kg4 Ke5 55. Kxg5 Kxd5 56. Kf4 Kc4 57. Ke4 d5+ 58. Ke5 Kxc3 59.
Kxd5 Kb3 60. Kd4 Kxa3 61. Kc5 Kb3 62. Kb6 Kxb4 63. Kxa6 Ka4 64. Kb6 b4 65. Kc5
b3 66. Kd4 b2 67. Ke5 b1=Q 68. Kd5 Qf5+ 69. Kd4 Qe6 70. Kc5 Qd7 71. Kc4 Qd6 72.
Kc3 Qd5 73. Kc2 Qd4 74. Kc1 Kb3 75. Kb1 Qb2# 0-1

[Event "20. Activity-Cup"]
[Site "?"]
[Date "2018.03.28"]
[Round "6.5"]
[White "Englisch, Tobias"]
[Black "Sölkner, Julian"]
[Result "1-0"]
[WhiteElo "1454"]
[BlackElo "1177"]
[PlyCount "65"]
[EventDate "2018.03.26"]

1. e4 e5 2. Nf3 Nc6 3. d4 exd4 4. Bc4 Bc5 5. c3 dxc3 6. Bxf7+ Kxf7 7. Qd5+ Ke8
8. Qxc5 cxb2 9. Bxb2 Nge7 10. O-O b6 11. Qh5+ g6 12. Qh6 Rf8 13. Bg7 Rg8 14.
Qxh7 Bb7 15. Bf6 d6 16. Ng5 Qd7 17. Qf7+ Kd8 18. Qxg8+ Qe8 19. Qxe8+ Kxe8 20.
Nc3 Kd7 21. Nd5 Ng8 22. Bg7 Nge7 23. Rac1 Nxd5 24. exd5 Ne7 25. f4 Nxd5 26. f5
Ne3 27. f6 Nf5 28. f7 Nxg7 29. f8=Q Nf5 30. Qf7+ Ne7 31. Rfe1 Re8 32. Rxc7+
Kxc7 33. Qxe8 {Schwarz gibt auf} 1-0

[Event "20. Activity-Cup"]
[Site "?"]
[Date "2018.03.28"]
[Round "6.6"]
[White "Peraus, Tizian"]
[Black "Gasca, Luca"]
[Result "1-0"]
[WhiteElo "1240"]
[BlackElo "962"]
[Annotator "Bauernendspiel, Freibauern, Durchbruch"]
[PlyCount "79"]
[EventDate "2018.03.26"]

1. d4 d5 2. c4 e6 3. a3 Nc6 4. Nf3 Nf6 5. Bg5 h6 6. Bh4 g5 7. Bg3 Ne4 8. e3
Nxg3 9. hxg3 g4 10. Ne5 Nxe5 11. dxe5 Bg7 12. Qxg4 Bxe5 13. Nc3 b6 14. Rd1 Qf6
15. Rc1 Ba6 16. cxd5 Bxf1 17. Kxf1 O-O-O 18. Ke2 h5 19. Qh3 Kb8 20. dxe6 fxe6
21. Rhd1 Rxd1 22. Rxd1 Bxc3 23. bxc3 Qxc3 24. Qxe6 Qb2+ 25. Kf1 Rf8 26. f3 Qb5+
27. Kg1 Qe2 28. Rf1 Rd8 29. f4 Rd2 30. Qe4 Rd1 31. Rxd1 Qxd1+ 32. Kh2 Qg4 33.
Qf3 c5 34. f5 Kc7 35. f6 $2 c4 $4 (35... Qxf3 36. gxf3 Kd7 37. Kg2 b5 38. Kf2
a5 39. Ke2 Ke6 40. Kd3 Kxf6 41. e4 a4 42. Kc3 Ke6 (42... Ke5 43. Kd3 b4 44.
axb4 cxb4 45. f4+ Ke6 $11) 43. f4 Kd7 44. e5 Ke6 45. Kc2 b4 46. axb4 cxb4 47.
Kb2 Kf5 $11) 36. f7 Qxf3 37. gxf3 c3 38. f8=Q c2 39. Qe7+ Kc8 40. Qe6+ {
Schwarz gibt auf} 1-0

[Event "20. Activity-Cup"]
[Site "?"]
[Date "2018.03.28"]
[Round "6.7"]
[White "Kober, Stefan"]
[Black "Schwab, Harald"]
[Result "0-1"]
[WhiteElo "1087"]
[BlackElo "1036"]
[Annotator "Doppelangriff, Bauerngabel"]
[PlyCount "56"]
[EventDate "2018.03.26"]

1. e4 e5 2. Nf3 Nc6 3. Bc4 h6 4. Nc3 Nf6 5. d3 Bc5 6. Be3 d6 7. Bxc5 dxc5 8. h3
Nd4 9. Nxe5 O-O 10. O-O Qd6 11. Nf3 Re8 12. Re1 b6 13. Nb5 Nxb5 14. Bxb5 c6 15.
e5 Qc7 16. exf6 Rxe1+ 17. Qxe1 cxb5 18. Qe8+ Kh7 19. fxg7 Kxg7 20. Qxb5 Bb7 21.
Qc4 Rg8 22. Qg4+ Kf8 23. Qh5 Qc6 24. Qxh6+ (24. Re1 Qf6 25. Re3 Rg6 26. c3 $16)
24... Qxh6 25. Re1 Bxf3 26. g3 Qxh3 27. Re8+ Kxe8 28. b4 Qh1# 0-1

[Event "20. Activity-Cup"]
[Site "?"]
[Date "2018.03.28"]
[Round "6.9"]
[White "Schirmbeck, David"]
[Black "Rigo, Clemens"]
[Result "0-1"]
[WhiteElo "859"]
[BlackElo "800"]
[Annotator "Matt in 3"]
[PlyCount "54"]
[EventDate "2018.03.26"]

1. e4 e5 2. Nf3 Nc6 3. d4 Bb4+ 4. Nc3 Nf6 5. dxe5 Nxe4 6. Bd3 Nxc3 7. bxc3
Bxc3+ 8. Bd2 Bxa1 9. Qxa1 O-O 10. Qc1 d5 11. exd6 cxd6 12. O-O Ne5 13. Re1
Nxf3+ 14. gxf3 Be6 15. Bf4 Bxa2 16. Bh6 gxh6 17. Qxh6 f5 18. Kh1 Rf6 19. Rg1+
Kf7 $4 20. Qxh7+ Ke8 21. Re1+ Re6 22. Qg6+ Kd7 23. Bxf5 Qe7 24. Bxe6+ Bxe6 25.
f4 Rg8 26. Qxg8 Bxg8 27. Rxe7+ Kxe7 {Weiß gibt auf} 0-1

[Event "20. Activity-Cup"]
[Site "?"]
[Date "2018.03.28"]
[Round "6.10"]
[White "Gerhold, Paul"]
[Black "Radnaev, Mikael"]
[Result "1-0"]
[WhiteElo "815"]
[BlackElo "800"]
[PlyCount "21"]
[EventDate "2018.03.26"]

1. e4 e5 2. Nf3 Nc6 3. d4 exd4 4. Nxd4 Nxd4 5. Qxd4 d6 6. Nc3 Be6 7. Be3 Qd7 8.
O-O-O O-O-O 9. Qxa7 c6 10. Bb6 Re8 11. Qa8# 1-0

[Event "20. Activity-Cup"]
[Site "?"]
[Date "2018.03.29"]
[Round "7.2"]
[White "Ernst, Robert"]
[Black "Kaspar, Sebastian"]
[Result "0-1"]
[WhiteElo "1201"]
[BlackElo "1387"]
[Annotator "T+L+Bauern, Freibauer"]
[PlyCount "112"]
[EventDate "2018.03.26"]

1. e4 e6 2. d4 d5 3. exd5 exd5 4. Bf4 Nc6 5. Bb5 Bd7 6. Nc3 Bb4 7. Nge2 Nge7 8.
a3 Bxc3+ 9. Nxc3 O-O 10. O-O Bf5 11. Be3 Ng6 12. Bd3 Be6 13. Qd2 Nce7 14. Rad1
c6 15. Ne2 Nf5 16. Bxf5 Bxf5 17. h3 f6 18. Nf4 Re8 19. Nxg6 Bxg6 20. Rfe1 Qd6
21. Qc3 Kf7 22. Qc5 Qxc5 23. dxc5 Bxc2 24. Rd4 Re4 25. Rxe4 Bxe4 26. Rd1 Re8
27. Rd4 h5 28. Rb4 Re7 29. h4 Bc2 30. Kf1 a5 31. Rb6 Ke6 32. Ke2 Kf5 33. Kd2
Ba4 34. Kc3 Bb5 35. Kd4 Re4+ 36. Kc3 Ba6 37. g3 g5 38. hxg5 fxg5 39. Bd2 Rc4+
40. Kb3 Rxc5 {Weiß hat weniger als 5 Minuten Restbedenkzeit} 41. Ka2 h4 42.
gxh4 gxh4 43. Kb1 Rb5 ({Noch stärker wäre} 43... d4 $1 44. b4 (44. Bb4 Rd5
45. Bxa5 h3 46. Rb3 d3 47. Rc3 Rxa5) (44. Rb3 d3 45. Bxa5 h3 46. Bc7 d2 47.
Rf3+ Ke6 48. Re3+ Kd7) 44... Bd3+ 45. Kb2 Rb5 46. Rxb5+ cxb5) 44. Rxb5 Bxb5 45.
Bxa5 h3 46. Bc7 Ke4 47. Bg3 Kf3 48. Kc2 Kg2 49. Kc3 h2 50. Bxh2 Kxh2 51. f4 c5
52. f5 Be8 53. f6 Bf7 54. a4 b6 55. b3 d4+ 56. Kc2 Kg3 {Zeit bei Weiß
abgelaufen} 0-1

[Event "20. Activity-Cup"]
[Site "?"]
[Date "2018.03.29"]
[Round "7.3"]
[White "Peraus, Leonie"]
[Black "Englisch, Tobias"]
[Result "0-1"]
[WhiteElo "1195"]
[BlackElo "1454"]
[Annotator "Doppelangriff, Abzugsangriff"]
[PlyCount "110"]
[EventDate "2018.03.26"]

1. e4 c5 2. Nf3 d6 3. d4 cxd4 4. Nxd4 Nf6 5. Bd3 g6 6. O-O Bg7 7. Bg5 O-O 8. h3
Nc6 9. Nf3 Nb4 10. a3 Nxd3 11. cxd3 b6 12. Nc3 Bb7 13. Qe2 Rc8 14. Rac1 Nd7 15.
Rfe1 Nc5 16. Nd5 Re8 17. Bxe7 Rxe7 18. Nxe7+ Qxe7 19. b4 Ne6 20. Rxc8+ Bxc8 21.
Rc1 Bb7 22. e5 $2 dxe5 23. Nxe5 $4 Nd4 $1 (23... Qg5 $3) 24. Qf1 Bxe5 25. f4
Bxf4 26. Kh1 Bxc1 27. Qxc1 Qe2 28. Qg5 Qxg2+ 29. Qxg2 Bxg2+ 30. Kxg2 Nc2 31.
Kf3 Ne1+ 32. Ke4 Nxd3 33. Kxd3 f5 34. Kd4 Kf7 35. Kd5 g5 36. Ke5 g4 37. hxg4
fxg4 38. Kf4 h5 39. Kg3 Ke6 40. a4 Kd5 41. a5 bxa5 42. bxa5 a6 43. Kh4 Kc5 44.
Kg3 Kb5 45. Kh4 Kxa5 46. Kg3 Kb4 47. Kg2 h4 48. Kh2 a5 49. Kg2 a4 50. Kf2 a3
51. Kg2 a2 52. Kf2 a1=Q 53. Kg2 Qb2+ 54. Kg1 g3 55. Kf1 Qf2# 0-1

[Event "20. Activity-Cup"]
[Site "?"]
[Date "2018.03.29"]
[Round "7.5"]
[White "Peraus, Tizian"]
[Black "Rigo, Lukas"]
[Result "1-0"]
[WhiteElo "1240"]
[BlackElo "925"]
[PlyCount "99"]
[EventDate "2018.03.26"]

1. d4 d5 2. c4 e6 3. a3 Nc6 4. Nf3 Bd6 5. Nc3 Nf6 6. Bg5 Be7 7. e3 Bd7 8. Bd3
O-O 9. O-O h6 10. Bh4 a6 11. Qc2 g6 12. Rfe1 Ng4 13. Bxe7 Qxe7 14. h3 Nf6 15.
Rac1 e5 16. dxe5 Nxe5 17. Nxe5 Qxe5 18. Be2 Qf5 19. Qxf5 Bxf5 20. Nxd5 Nxd5 21.
cxd5 Rfd8 22. Bf3 Rab8 23. Rxc7 Rdc8 24. Rec1 Rxc7 25. Rxc7 b5 26. e4 Rc8 27.
Rxc8+ Bxc8 28. Bg4 Bxg4 29. hxg4 Kf8 30. Kf1 Ke7 31. Ke2 Kd6 32. b4 Ke5 33. Ke3
f6 34. f4+ Kd6 35. Kd4 g5 36. f5 Kc7 37. Kc5 Kd7 38. Kb6 Kd6 39. Kxa6 Ke5 40.
Kxb5 Kxe4 41. d6 Kf4 42. d7 Kxg4 43. d8=Q Kxf5 44. Qd4 Kg6 45. Kc5 Kf5 46. Kd5
Kg6 47. Ke6 Kg7 48. Qxf6+ Kh7 49. Kf7 g4 50. Qg7# 1-0

[Event "20. Activity-Cup"]
[Site "?"]
[Date "2018.03.29"]
[Round "7.6"]
[White "Schwab, Harald"]
[Black "Gerhold, Paul"]
[Result "1-0"]
[WhiteElo "1036"]
[BlackElo "815"]
[Annotator "Zutrittsopfer, Ablenkung Verteidiger"]
[PlyCount "41"]
[EventDate "2018.03.26"]

1. e4 e6 2. d4 d5 3. e5 c5 4. Nf3 Nc6 5. Be3 Qb6 6. b3 cxd4 7. Bxd4 Nxd4 8.
Qxd4 Bc5 9. Qd2 Ne7 10. Be2 Bxf2+ 11. Kd1 O-O 12. Rf1 Bc5 13. Qd3 Nc6 14. c3
Qc7 15. Ng5 g6 16. Qh3 h5 17. Bxh5 Qxe5 18. Bxg6 Qg7 (18... Qh8 19. Bxf7+ Rxf7
20. Qxh8+ Kxh8 21. Rxf7 Kg8) 19. Bh7+ Kh8 20. Nxf7+ Rxf7 21. Rxf7 {Schwarz
gibt auf} 1-0

[Event "20. Activity-Cup"]
[Site "?"]
[Date "2018.03.29"]
[Round "7.7"]
[White "Rigo, Clemens"]
[Black "Pavlov, Alexander"]
[Result "0-1"]
[WhiteElo "800"]
[BlackElo "1152"]
[PlyCount "132"]
[EventDate "2018.03.26"]

1. e4 e5 2. Nf3 Nc6 3. Nc3 Nf6 4. Bd3 Bc5 5. O-O O-O 6. Nd5 d6 7. Nxf6+ Qxf6 8.
Bc4 Bg4 9. Be2 Bxf3 10. Bxf3 Nd4 11. Bg4 Qf4 12. d3 Qf6 13. Be3 Ne6 14. Bxc5
Nxc5 15. Bf5 Ne6 16. Qf3 g6 17. Bxe6 Qxf3 18. gxf3 fxe6 19. c3 Rxf3 20. d4 exd4
21. cxd4 Rf4 22. Rfe1 Raf8 23. Rac1 c6 24. d5 exd5 25. exd5 cxd5 26. Rc7 R8f7
27. Rxf7 Rxf7 28. Re8+ Rf8 29. Re6 Rc8 30. Rxd6 Rc2 31. Rd8+ Kg7 32. Rd7+ Kh6
33. Rxb7 d4 34. Kf1 d3 35. Ke1 Re2+ 36. Kd1 Rxf2 37. h3 a5 38. Ra7 Rxb2 39.
Rxa5 g5 40. Kc1 d2+ 41. Kd1 Kh5 42. a3 h6 43. Rd5 Ra2 44. a4 Rxa4 45. Rxd2 Ra1+
46. Ke2 Rh1 47. Rd3 Kh4 48. Rd6 h5 49. Ke3 Rxh3+ 50. Ke4 Rh1 51. Rd4 Re1+ 52.
Kf5+ g4 53. Rd2 Kh3 54. Kg5 Re5+ 55. Kh6 h4 56. Rd3+ g3 57. Rd6 g2 58. Rg6 Kh2
59. Rxg2+ Kxg2 60. Kg6 Kf3 61. Kf6 Kf4 62. Kg6 Rf5 63. Kh6 Rg5 64. Kh7 h3 65.
Kh6 h2 66. Kh7 h1=Q# 0-1